000
00257nam a2200097Ia 4500
008
120527s9999 xx 000 0 und d
100
_a
ANCONA, M.G
245
_a
Computational methods for applied science and engineering
260
_b
Rinto Press
942
_c
BK
999
_c
25206
_d
25206